000 00503nam a2200133Ia 4500
008 100328s9999 xx 000 0 und d
082 _b59314
100 _aदेशपांडे चं.प्र.
245 _aस्टालीन (संमिश्र एकांकिका).
260 _bआभा.
630 _aस्टालीन (संमिश्र एकांकिका).
730 _aस्टालीन (संमिश्र एकांकिका).
942 _cBOOK
999 _c545554
_d545551